A cultural history of India
Αποθηκεύτηκε σε:
| Άλλοι συγγραφείς: | |
|---|---|
| Μορφή: | Βιβλίο |
| Γλώσσα: | English |
| Δημοσίευση: |
Oxford :
Oxford University Press,
c1975, 1997
|
| Σειρά: | Oxford India paperbacks
|
| Θέματα: | |
| Ετικέτες: |
Προσθήκη ετικέτας
Δεν υπάρχουν, Καταχωρήστε ετικέτα πρώτοι!
|
MARC
| LEADER | 00000nam a2200000 i 4500 | ||
|---|---|---|---|
| 001 | 1/50764 | ||
| 008 | 070806s19751997 eng d | ||
| 020 | |a 978-0-19-563921-6 | ||
| 020 | |a 0-19-563921-9 | ||
| 035 | |l 10089541 | ||
| 040 | |a GR-MY-UA |b gre |e aacr | ||
| 041 | 0 | |a eng | |
| 082 | 0 | |a 954 |2 (22) | |
| 245 | 1 | 2 | |a A cultural history of India / |c edited by A. L. Basham |
| 260 | |a Oxford : |b Oxford University Press, |c c1975, 1997 | ||
| 300 | |a xx, 585 σ.; |b πίν., εικ., χάρτες; |c 24 εκ. | ||
| 490 | 1 | |a Oxford India paperbacks | |
| 504 | |a Βιβλιογραφία: σ. 501-517 | ||
| 504 | |a Ευρετήριο: σ. 519-585 | ||
| 651 | 0 | |a India |x History |x Civilization. | |
| 700 | 1 | |a Basham, A. L. |q (Arthur Llewellyn) |4 edt | |
| 830 | 0 | |a Oxford India paperbacks | |
| 852 | |a INST |b LESVOS |e 20070806 |h 954 CUL |p 005100041377 |q 005100041377 |t BK |y 0 | ||
| 901 | |a BIBL1-2007-2 | ||
| 909 | |a Λ |b 137406 | ||
| 922 | |a 1ΕΛΗ |b 200707 |c ΕΠΕΑΕΚ2/ΤΚΑ |d ΕΛΕΥΘΕΡΟΥΔΑΚΗΣ | ||
| 970 | |a ΚΑΡΑ |b ΓΙΑΣΕΜΗ |z 2007/08/06 | ||